Ekočističky - koreňová čistička odpadových vôd

Guardado en:
Detalles Bibliográficos
Autor principal: Hagarová, Ráchel, 1990-
Formato: Capítulo de libro
Lenguaje:eslovaco
Materias:
Etiquetas: Agregar Etiqueta
Sin Etiquetas, Sea el primero en etiquetar este registro!

MARC

LEADER 00000naa$a2200000$$$4500
001 0225822
005 20240502073714.3
041 0 |a slo 
044 |a SK 
245 1 0 |a Ekočističky - koreňová čistička odpadových vôd  |c Ráchel Hagarová 
610 2 0 |a štúdie prípadové 
610 2 0 |a start-up 
610 2 0 |a čistiarne vôd odpadových 
610 2 0 |a ekológia 
100 1 |a Hagarová, Ráchel, 1990-